O retrato de Dorian Gray / (Record no. 287)

MARC details
000 -LÍDER
campo de controle de tamanho fixo 03968nam a22003377a 4500
001 - NÚMERO DE CONTROLE
campo de controle 287
003 - IDENTIFICADOR DO NÚMERO DE CONTROLE
campo de controle OSt
005 - DATA E HORÁRIO DA ÚLTIMA TRANSAÇÃO
campo de controle 20250528074017.0
008 - CAMPO DE DADOS FIXOS--INFORMAÇÃO GERAL
campo de controle de tamanho fixo 250317b |||||||g |||| 00| 1 eng d
020 ## - ISBN - INTERNATIONAL STANDARD BOOK NUMBER
ISBN - International Standard Book Number 9786555980004
040 ## - FONTE DA CATALOGAÇÃO
Idioma da catalogação por
041 ## - CÓDIGO DE IDIOMA
Código do idioma do original e/ou traduções intermediárias do texto eng
Código do idioma do texto/trilha sonora ou título diferente por
082 ## - CDD - CLASSIFICAÇÃO DECIMAL DE DEWEY
Número de Classificação 823
Número do exemplar W671r
100 1# - ENTRADA PRINCIPAL--NOME PESSOAL
Nome pessoal Wilde, Oscar,
Datas associadas ao nome 1854-1900
9 (RLIN) 537
240 ## - TÍTULO UNIFORME
Título uniforme The picture of Dorian Gray
245 ## - TÍTULO
Título O retrato de Dorian Gray /
Indicação de responsabilidade, etc. Wilde, Oscar ; Tradução de Paulo Cecconi e Notas de Luiz Gasparelli Jr.
260 ## - PUBLICAÇÃO, DISTRIBUIÇÃO, ETC.
Local de publicação, distribuição, etc. Rio de Janeiro
Nome do editor, distribuidor, etc. DarkSide
Data da publicação, distribuição, etc. 2021
300 ## - DESCRIÇÃO FÍSICA
Extensão 318 p.
520 ## - NOTA DE RESUMO, ETC.
Resumo, etc. Londres, 1890. Entre médicos e monstros, assassinatos e mistérios, uma história sobre imortalidade, beleza e criminalidade é criada por uma das mentes mais indomáveis da história da literatura. O Retrato de Dorian Gray, a história da pintura maldita que se degrada com a passagem das décadas, deixando o seu modelo intocado pelo tempo, finalmente adentra a galeria da DarkSide Books em uma edição feita para agraciar admiradores e arrebatar novos leitores. Único romance de Oscar Wilde, O Retrato de Dorian Gray combina o apuro literário e estético de seu autor com uma trama sombria, pontuada por paixões, crimes e a brilhante e sarcástica verve wildeana. Publicado em 1890 na revista norte-americana Lippincott’s, o romance foi relançado em livro um ano depois em uma edição que censurou diversos trechos da obra. Dorian Gray primeiramente ofendeu uma geração vitoriana que encontrou na relação entre os amigos Dorian, o jovem retratado, Basil, o pintor apaixonado, e Henry, o lorde cínico, “o amor que não ousava dizer o seu nome”. Depois, fascinou leitores, críticos e artistas, que viram no enredo que remete ao mito de Fausto o Evangelho de um decadentismo que acredita em uma vida de arte, prazer e fascínio sensorial. Tudo isso em meio a um fim de século no qual a convenção e a moralidade corroíam qualquer prazer que a existência humana poderia desfrutar.<br/>Organizada por Enéias Tavares — que além de autor da casa, é professor e pesquisador — a edição especial da DarkSide Books vem repleta de conteúdos exclusivos. Paulo Cecconi assina a nova tradução, que teve como base a edição original publicada na revista Lippincott’s e sem censura. O pesquisador Luiz Gasparelli Jr., especialista em Wilde, contribui com notas que aprofundam a experiência de leitura, repletas de dados biográficos, referências culturais e apontamentos sobre o processo criativo de seu autor. A edição da Caveira traz ainda o dossiê “Retratos de Oscar Wilde”, com registros fotográficos do autor, as duras resenhas que o romance recebeu, o apimentado debate entre os críticos e o próprio Wilde e um texto de Gasparelli sobre os julgamentos que levaram Wilde à prisão em 1895. A edição inclui ainda seu ensaio “Caneta, Tinta e Veneno” e uma seleção de poemas compilada e traduzida por Tavares, além das ilustrações originais do pintor e impressor Henry Keen, produzidas em 1925 para a edição norte-americana deste clássico. O Retrato de Dorian Gray é um romance sobre a destruição da vida através da perfeição da arte, dos preços que pagamos pelos crimes deixados em segredo, das paixões nominadas e inomináveis que transformam quem somos naquilo que deveríamos ser, não pelos outros e sim por nós mesmos. Com seu romance, Oscar Wilde pede que reinventemos a nós mesmos pela arte, a beleza e a paixão, justamente o que a sociedade e a moralidade desaconselham. Assim como Dorian, você também colocaria a arte, o prazer e o desejo acima de todas as coisas?
650 #0 - ASSUNTO--TERMO TÓPICO
Cabeçalho tópico ou nome geográfico Literatura Inglesa
9 (RLIN) 89
650 #0 - ASSUNTO--TERMO TÓPICO
Cabeçalho tópico ou nome geográfico Sobrenatural
9 (RLIN) 538
650 #0 - ASSUNTO--TERMO TÓPICO
Cabeçalho tópico ou nome geográfico Fantasia
9 (RLIN) 45
650 #0 - ASSUNTO--TERMO TÓPICO
Cabeçalho tópico ou nome geográfico Suspense
9 (RLIN) 10
650 #0 - ASSUNTO--TERMO TÓPICO
Cabeçalho tópico ou nome geográfico Filme
9 (RLIN) 26
650 #0 - ASSUNTO--TERMO TÓPICO
Cabeçalho tópico ou nome geográfico Clássicos
9 (RLIN) 77
655 #0 - TERMO DE ÍNDICE--GÊNERO E FORMA
Gênero/forma/ou termo foco Romance
655 #0 - TERMO DE ÍNDICE--GÊNERO E FORMA
Gênero/forma/ou termo foco Ficção
700 ## - ENTRADA ADICIONADA - NOME PESSOAL
Nome pessoal Paulo Cecconi
Função do autor por extenso Tradução
9 (RLIN) 539
700 ## - ENTRADA ADICIONADA - NOME PESSOAL
Nome pessoal Luiz Gasparelli Jr.
Função do autor por extenso Notas
9 (RLIN) 540
942 ## - ELEMENTOS DE ENTRADA ADICIONADOS (KOHA)
Fonte de classificação ou esquema de arquivamento Classificação decimal de Dewey
Ocultar no OPAC Não
Tipo de material Koha Livros
Holdings
Situação do descarte Situação das perdas Fonte de classificação ou esquema de arquivamento Status danificado Não pode ser emprestado Coleção Biblioteca de origem Biblioteca atual Localização na estante Data de aquisição Fonte de aquisição Total de empréstimos Número de chamada completo Código de barras Data de último acesso Número do exemplar Data do preço efetivo Tipo de material Koha
    Classificação decimal de Dewey     Ficção Biblioteca Professor Eduardo Afonso de Castro Biblioteca Professor Eduardo Afonso de Castro Literatura Estrangeira 17.03.2025 doação   823 / W671r 2025-17242 17.03.2025 Ex. 01 17.03.2025 Livros

Powered by Koha